RESEARCH ON PSYCHO-SPCIAL DIMENSIONS (Record no. 34108)

MARC details
000 -LEADER
fixed length control field 00325nam a22001337a 4500
003 - CONTROL NUMBER IDENTIFIER
control field SGT
020 ## - INTERNATIONAL STANDARD BOOK NUMBER
International Standard Book Number 9788179104798
082 ## - DEWEY DECIMAL CLASSIFICATION NUMBER
Classification number 150.72,GOE
100 ## - MAIN ENTRY--PERSONAL NAME
Personal name GOEL,SUSHIL KUMAR
245 ## - TITLE STATEMENT
Title RESEARCH ON PSYCHO-SPCIAL DIMENSIONS
260 ## - PUBLICATION, DISTRIBUTION, ETC. (IMPRINT)
Place of publication, distribution, etc JAIPUR
Name of publisher, distributor, etc AAVISHKAR PUBLISHERS DISTRIBUTORS
Year of Publication 2015
300 ## - PAGE DESCRIPTION
No. of Pages 251
942 ## - ADDED ENTRY ELEMENTS (KOHA)
Source of classification or shelving scheme Dewey Decimal Classification
Koha item type Books
Holdings
Withdrawn status Lost status Source of classification or shelving scheme Damaged status Not for loan Collection code Home library Current library Shelving location Date acquired Vendor Name Cost, normal purchase price SGTU Bill Number Full call number Accession No. (Barcode) Date last seen Bill Date Koha item type Total Checkouts
    Dewey Decimal Classification   Not For Loan EDUCATION SGT Engineering Library SGT Engineering Library Reference Book 18/02/2026 BRIJWASI BOOK DISTRIBUTORS 995.00 SGTU BW/000383 150.72,GOE ED5566 18/02/2026 20/12/2025 Books  
    Dewey Decimal Classification     EDUCATION SGT Engineering Library SGT Engineering Library Text Book 18/02/2026 BRIJWASI BOOK DISTRIBUTORS 995.00 SGTU BW/000383 150.72,GOE ED5567 18/02/2026 20/12/2025 Books